000 00716nam a2200241Ia 4500
003 OSt
005 20220918192323.0
006 a|||||r|||| 00| 0
007 ta
008 220917b |||||||| |||| 00| 0 eng d
024 _a67,892
037 _cTextual
040 _aARTS
_cARTS
_beng
041 _2eng
_aeng
082 _aR3xM593:g, M1
100 _aMcKenna William ed & tr
_978917
245 0 _aApriori and world
_b European contributions to husserlian phenomenology
260 _aHague
_bMartinus Nijhoff
_c1981
300 _ax,244p.
_ccm.
490 _aMartinus Nijhoff Philosophy texts; 2
942 _hR3xM593:g, M1
_cTEXL
_2CC
999 _c194115
_d194115